Countries that have not been Invaded by the United Kingdom - Statistics

General Stats
  • This quiz has been taken 17 times
  • The average score is 4 of 22
Answer Stats
Continent Answer % Correct
South America Bolivia
54%
South America Paraguay
46%
Europe Sweden
38%
Europe Vatican City
38%
Europe Andorra
31%
Europe Liechtenstein
31%
Europe Belarus
23%
Africa Chad
23%
Europe Luxembourg
23%
Europe Monaco
23%
Asia Mongolia
23%
Africa Republic of the Congo
23%
Asia Uzbekistan
15%
Africa Burundi
8%
Africa Central African Republic
8%
Africa Cote d'Ivoire
8%
Africa Mali
8%
Oceania Marshall Islands
8%
Africa São Tomé and Príncipe
8%
Asia Tajikistan
8%
North America Guatemala
0%
Asia Kyrgyzstan
0%
No matching quizzes found
Score Distribution
Percent of People with Each Score
Percentile by Number Answered
Your Score History
You have not taken this quiz